WORLD CONSTITUTIONS: a comparative study (Record no. 8432)

MARC details
000 -LEADER
fixed length control field 00425nam a22001697a 4500
005 - DATE AND TIME OF LATEST TRANSACTION
control field 20231031163246.0
008 - FIXED-LENGTH DATA ELEMENTS--GENERAL INFORMATION
fixed length control field 231031b |||||||| |||| 00| 0 eng d
020 ## - INTERNATIONAL STANDARD BOOK NUMBER
ISBN 978-93-93853-14-1
041 ## - LANGUAGE CODE
Language code of text/sound track or separate title eng
082 ## - DEWEY DECIMAL CLASSIFICATION NUMBER
Classification number 599.9
100 ## - MAIN ENTRY--AUTHOR NAME
Personal name BHAGWAN, DR. VISHNOO AND OTHERS
245 ## - TITLE STATEMENT
Title WORLD CONSTITUTIONS: a comparative study
260 ## - PUBLICATION, DISTRIBUTION, ETC. (IMPRINT)
Place of publication NEW DELHI
Name of publisher STERLING
Year of publication 2022
300 ## - PHYSICAL DESCRIPTION
Number of Pages 600;p
650 ## - SUBJECT ADDED ENTRY--TOPICAL TERM
Topical Term LAW
942 ## - ADDED ENTRY ELEMENTS (KOHA)
Koha item type Books
Holdings
Lost status Damaged status Collection code Home library Current library Shelving location Date acquired Source of acquisition Cost, normal purchase price Full call number Accession Number Koha item type
    Reference JRU Library JRU Library SHELF-1-A 31/10/2023 PURCHASE [LBI] 500.00 599.9 27972 Books
    LAW JRU Library JRU Library SHELF-29-A 31/10/2023 PURCHASE [LBI] 500.00 599.9 27973 Books
    LAW JRU Library JRU Library SHELF-29-A 31/10/2023 PURCHASE [LBI] 500.00 599.9 27974 Books
    LAW JRU Library JRU Library SHELF-29-A 31/10/2023 PURCHASE [LBI] 500.00 599.9 27975 Books
    LAW JRU Library JRU Library SHELF-29-A 31/10/2023 PURCHASE [LBI] 500.00 599.9 27976 Books